Complex binary reverse engineering (Record no. 6493)

MARC details
000 -LEADER
fixed length control field 00522nam a22001817a 4500
003 - CONTROL NUMBER IDENTIFIER
control field OSt
005 - DATE AND TIME OF LATEST TRANSACTION
control field 20220107122850.0
008 - FIXED-LENGTH DATA ELEMENTS--GENERAL INFORMATION
fixed length control field 190618b xxu||||| |||| 00| 0 eng d
040 ## - CATALOGING SOURCE
Transcribing agency IIITMK
100 ## - MAIN ENTRY--PERSONAL NAME
Personal name Pulisetti Sai Prashanth (93617028)
9 (RLIN) 15840
245 ## - TITLE STATEMENT
Title Complex binary reverse engineering
300 ## - PHYSICAL DESCRIPTION
Extent MSC CS 2017-2019
502 ## - DISSERTATION NOTE
Degree type MSC CS
Name of granting institution 2017-2019
Year degree granted INT
-- Md. Meraj Uddin
650 ## - SUBJECT ADDED ENTRY--TOPICAL TERM
Topical term or geographic name entry element JAVASCRIPT
9 (RLIN) 15841
650 ## - SUBJECT ADDED ENTRY--TOPICAL TERM
Topical term or geographic name entry element MALICIOUS JAVASCRIPT
9 (RLIN) 15842
650 ## - SUBJECT ADDED ENTRY--TOPICAL TERM
Topical term or geographic name entry element RECURRENT NEURAL NETWORK
9 (RLIN) 15843
942 ## - ADDED ENTRY ELEMENTS (KOHA)
Source of classification or shelving scheme Dewey Decimal Classification
Koha item type
Holdings
Withdrawn status Lost status Source of classification or shelving scheme Damaged status Not for loan Collection code Home library Current library Shelving location Date acquired Total Checkouts Barcode Date last seen Price effective from Koha item type
    Dewey Decimal Classification     Non Fiction IIITM-K Kerala University of Digital Sciences, Innovation and Technology Knowledge Centre   18/06/2019   R-1497 18/06/2019 18/06/2019 Project Reports